भारत का सांस्कृतिक इतिहास / (Record no. 64191)

MARC details
000 -LEADER
fixed length control field 01368 aa a2200289 4500
005 - DATE AND TIME OF LATEST TRANSACTION
control field 20120321094841.0
008 - FIXED-LENGTH DATA ELEMENTS--GENERAL INFORMATION
fixed length control field 081107t xxu||||| |||| 00| 0 hin d
010 ## - LCCN (DPL NO)
LC control number
020 ## - INTERNATIONAL STANDARD BOOK NUMBER
International Standard Book Number
Terms of availability 400.00
035 ## - SYSTEM CONTROL NUMBER
System control number B-199550
037 ## - SOURCE OF ACQUISITION
Source of stock number/acquisition आत्माराम एण्ड सन्ज
040 ## - CATALOGING SOURCE
Original cataloging agency DPL
Language of cataloging HN
082 ## - DEWEY DECIMAL CLASSIFICATION NUMBER
Classification number 306.0954
100 ## - MAIN ENTRY--PERSONAL NAME
Personal name हरिदत्त वेदालंकार
9 (RLIN) 44018
245 ## - TITLE STATEMENT
Title भारत का सांस्कृतिक इतिहास /
Statement of responsibility, etc हरिदत्त वेदालंकार
246 ## - VARYING FORM OF TITLE
Title proper/short title Bhaarata kaa Saanskritika Itihasa
Remainder of title by Hari Dutt Vedalankar
260 ## - PUBLICATION, DISTRIBUTION, ETC. (IMPRINT)
Place of publication, distribution, etc दिल्ली
Name of publisher, distributor, etc आत्माराम एण्ड सन्ज़
Date of publication, distribution, etc 2006
270 ## - ADDRESS
Address 1376, कश्मीरी गेट
City दिल्ली
Postal code 110006
Telephone number 011 23946466, 23973082
Electronic mail address atmaram_books@hotmail.com
300 ## - PHYSICAL DESCRIPTION
Extent 279पृ.
Dimensions 22सेमी (सजिल्द)
651 ## - SUBJECT ADDED ENTRY--GEOGRAPHIC NAME
Geographic name भारत
General subdivision इतिहास
9 (RLIN) 44019
651 ## - SUBJECT ADDED ENTRY--GEOGRAPHIC NAME
Geographic name India
General subdivision History
9 (RLIN) 638
651 ## - SUBJECT ADDED ENTRY--GEOGRAPHIC NAME
Geographic name भारत
General subdivision सभ्यता
9 (RLIN) 44020
651 ## - SUBJECT ADDED ENTRY--GEOGRAPHIC NAME
Geographic name India
General subdivision Civilization
9 (RLIN) 44021
942 ## - ADDED ENTRY ELEMENTS (KOHA)
Institution code [OBSOLETE] dpl
Item type Hindi Books
Source of classification or shelving scheme Dewey Decimal Classification
Call number suffix वेदालं
Classification part 306.0954
Holdings
Withdrawn status Lost status Source of classification or shelving scheme Damaged status Not for loan Collection code Home library Current library Date acquired Cost, normal purchase price Total Checkouts Full call number Barcode Date last seen Cost, replacement price Koha item type
    Dewey Decimal Classification     Non-fiction Sarojini Nagar Sarojini Nagar 21/03/2012 350.00   306.0954 वेदालं B-199550 21/03/2012 350.00 Hindi Books

© Delhi Public Library
Hit Counter
free hit counter